| Record ID | ia:compensationforl0000dixo |
| Source | Internet Archive |
| Download MARC XML | https://archive.org/download/compensationforl0000dixo/compensationforl0000dixo_marc.xml |
| Download MARC binary | https://www.archive.org/download/compensationforl0000dixo/compensationforl0000dixo_meta.mrc |
LEADER: 01235cam a22003374a 4500
001 2004021434
003 DLC
005 20080917090638.0
007 cr_|||||||||||
008 040913s2004 cau b 000 0 eng
010 $a 2004021434
020 $a0833036912 (pbk.)
040 $aDLC$cDLC$dDLC
042 $apcc
043 $an-us---
050 00 $aHG8054.5$b.D59 2004
082 00 $a363.34/97$222
100 1 $aDixon, Lloyd S.
245 10 $aCompensation for losses from the 9/11 attacks /$cLloyd Dixon, Rachel Kaganoff Stern.
260 $aSanta Monica, CA :$bRAND,$cc2004.
300 $axxxviii, 173 p. ;$c26 cm.
504 $aIncludes bibliographical references.
530 $aAlso available in electronic form via the RAND Corporation Web site.
650 0 $aTerrorism insurance$zUnited States.
650 0 $aRisk (Insurance)$zUnited States.
650 0 $aSeptember 11 Terrorist Attacks, 2001$xEconomic aspects.
650 0 $aBusiness insurance$xLaw and legislation$zUnited States.
650 0 $aTerrorism$xEconomic aspects$zUnited States.
700 1 $aStern, Rachel Kaganoff.
856 41 $uhttp://www.rand.org/publications/MG/MG264/
856 41 $3Table of contents$uhttp://www.loc.gov/catdir/toc/ecip051/2004021434.html